00437nam a2200145 a 450000500170000000800410001702000180005805000170007624500110009326000270010444000170013165000180014899900190016695201060018520140412111423.0080122s19uu xx 00 eng d a1-59060-501-2 aM 220.9bJ49 aJesus. bPlaymore inc.aChina : aBible pop-up aBible stories c106113d106113 001040aELbELcMd2008-01-22eDonationl0oM 220.9 J49pE11224r2014-04-12 00:00:00w2014-04-12yBK